Task Listening Student's book

Wedi'i Gadw mewn:
Manylion Llyfryddiaeth
Prif Awdur: Blundell,Lesley
Awduron Eraill: Stokes,Jackie
Fformat: Llyfr
Iaith:English
Cyhoeddwyd: UK. Campridge universitu press 2001
Pynciau:
Tagiau: Ychwanegu Tag
Dim Tagiau, Byddwch y cyntaf i dagio'r cofnod hwn!
Thư viện lưu trữ: Trung tâm Học liệu Lê Vũ Hùng, Trường Đại học Đồng Tháp
LEADER 00705pam a22002298a 4500
001 00025912
005 20171026081022.0
008 110812s2001 ||||||engsd
041 0 # |a eng 
082 1 4 |a 428  |b T834L 
100 0 # |a Blundell,Lesley 
245 0 0 |a Task Listening  |b Student's book  |c Lesley Blundell, Jackie Stokes 
260 # # |a UK.  |b Campridge universitu press  |c 2001 
300 # # |a vii,52p.  |c 20cm. 
653 # # |a nghe 
653 # # |a tiếng anh 
700 0 # |a Stokes,Jackie 
852 # # |b Kho giáo trình  |j KGT.0027772 
852 # # |b Kho mượn  |j KGT.0027772 
852 # # |j KGT.0027772 
910 |d 12/08/2011 
980 # # |a Trung tâm Học liệu Lê Vũ Hùng, Trường Đại học Đồng Tháp